Poslanie životného poistenia včera a dnes bakalárska práca

Salvato in:
Dettagli Bibliografici
Autore principale: Budnik, Pavel
Ente Autore: Národohospodárska fakulta EU. Katedra poisťovníctva
Altri autori: Pastoráková, Erika, 1972-
Natura: Libro
Lingua:slovacco
Pubblicazione: Bratislava 2016
Tags: Aggiungi Tag
Nessun Tag, puoi essere il primo ad aggiungerne!!

MARC

LEADER 00000nbm a2200000 4500
001 0221429
005 20161108124013.9
041 0 |a slo 
044 |a SK 
245 1 0 |a Poslanie životného poistenia včera a dnes  |b bakalárska práca  |c Pavel Budnik ; školiteľ: Erika Pastoráková 
264 1 |a Bratislava  |c 2016 
300 |a 29 s. 
100 1 |a Budnik, Pavel 
700 1 |a Pastoráková, Erika, 1972- 
710 2 |a Národohospodárska fakulta EU. Katedra poisťovníctva